000 004770000a22001810004500
003 MACL
005 20151025160356.0
008 151025b xxu||||| |||| 00| 0 eng d
040 _aMACL
_cMACL
041 _aEnglish
082 _a954/CHO
100 _aChopra, P.N.
_9715
245 _aQuit India Movement 2 Role Of Indian Big Business
_bBritish Secret Documents
260 _bInterprint
_c1991
_aNew Delhi
350 _a160
650 _aHistory
_916812
942 _cBK
_k954
_2ddc
999 _c2547
_d2547